01479cam a2200409 a 45000010005000000030006000050050017000110080041000280100017000690200022000860200018001080200027001260400023001530500013001760820008001891000020001972450100002172500035003172600037003523000048003894900037004375000024004745050007004985200181005055210018006865210018007046500021007226500062007436500063008056500021008686500017008896500013009066500016009196500030009356510064009657000040010295710FISKH20250115144124.0020822s1998 nyua b 000 0 eng  a 2002013659 a0679856471 (pbk.) a9780679856474 a0679956476 (lib. bdg.) aDLCcDLCdDLCbeng aGN778.I8 a9371 aDubowski, Mark.10aIce mummy :bthe discovery of a 5,000-year-old man /cby Mark Dubowski and Cathy East Dubowski. aThis edition published in 2009 aNew York :bRandom House,c1998. a48 pages : bcolor illustrations ; c23 cm 1 aStep into reading. A step 4 book a"With photographs." aP  aDescribes the discovery by Alpine hikers near the Austrian-Italian border of the frozen body of a man who, after careful examination, was found to be more than 5,000 years old.8 a640 bLexile 8 aP bRaz-Plus  0aOtzi (Ice mummy) 0aCopper agezItalyzHauslabjoch PassvJuvenile literature. 0aIce mummieszItalyzHauslabjoch PassvJuvenile literature. 1aOtzi (Ice mummy) 1aIce mummies. 1aMummies. 1aCopper age. 1aExcavations (Archaeology) 0aHauslabjoch Pass (Italy)xAntiquitiesvJuvenile literature.1 aDubowski, Cathy EastePhotographer